| 000 | 00621nam a22002177a 4500 | ||
|---|---|---|---|
| 001 | 00028553 | ||
| 005 | 20260312151043.0 | ||
| 008 | 260312b ag ||||| |||| 00| 0 spa d | ||
| 020 | _a9789915710280 | ||
| 040 |
_aAR-CcCEOS _bspa _cAR-CcCEOS |
||
| 041 | _aspa | ||
| 080 | _a070.44 | ||
| 090 | _bALV | ||
| 100 | 1 |
_aÁlvarez, Ignacio, _d1973- _9878 |
|
| 245 |
_aPorque (no) todo se sabe : _bConfidencia de 30 años de periodismo / _cIgnacio Álvarez |
||
| 250 | _a1a ed. | ||
| 260 |
_aUruguay : _bPenguin Random House, _cc2025. |
||
| 300 |
_a263 p. ; _c24x15 cm. |
||
| 655 | 0 |
_aperiodismo _9879 |
|
| 942 |
_2udc _cBK _n0 |
||
| 999 |
_c28583 _d28583 |
||